[Event "VI Open Internacional Memorial Pedro Lez"]
[Site "Ateneo Municipal de Vecindario"]
[Date "2013.03.26"]
[Round "2"]
[White "Gonzalez Intelangelo, Gerardo"]
[Black "Barlov, Dragan"]
[Result "0-1"]
[WhiteElo "2022"]
[BlackElo "2454"]
[PlyCount "78"]
[EventDate "2013.03.25"]
[EventRounds "9"]
[EventCountry "ESP"]

1. c4 Nf6 2. Nc3 c5 3. g3 e6 4. Nf3 a6 5. Bg2 Qc7 6. O-O Be7 7. b3 O-O 8. d4
cxd4 9. Qxd4 Nc6 10. Qd1 b6 11. Bb2 Bb7 12. Rc1 Nb8 13. Qd3 h6 14. Nd2 Bxg2 15.
Kxg2 d6 16. Nce4 Nbd7 17. Nxf6+ Bxf6 18. Bxf6 Nxf6 19. Rfd1 Rfd8 20. f3 Qb7 21.
e4 d5 22. cxd5 exd5 23. e5 Nd7 24. f4 Nc5 25. Qd4 a5 26. Nf3 Ne6 27. Qd3 d4 28.
Kg1 Rac8 29. Nd2 Rxc1 30. Rxc1 Nc5 31. Qf3 Qe7 32. Ne4 Nxe4 33. Qxe4 d3 34. Rd1
Qc5+ 35. Kf1 Qc2 36. Qf3 Qxa2 37. f5 Qxb3 38. e6 fxe6 39. f6 Qd5 0-1

[Event "VI Open Internacional Memorial Pedro Lez"]
[Site "Ateneo Municipal de Vecindario"]
[Date "2013.03.26"]
[Round "2"]
[White "Cruz Pino, Adrian"]
[Black "Bergez, Luc"]
[Result "0-1"]
[WhiteElo "1986"]
[BlackElo "2375"]
[PlyCount "88"]
[EventDate "2013.03.25"]
[EventRounds "9"]
[EventCountry "ESP"]

1. e4 c6 2. d4 d5 3. Nc3 dxe4 4. Nxe4 Nf6 5. Ng3 c5 6. Nf3 Nc6 7. Be3 cxd4 8.
Nxd4 Nxd4 9. Qxd4 Qxd4 10. Bxd4 Bd7 11. O-O-O Bc6 12. f3 e6 13. Bd3 Be7 14.
Rhe1 O-O 15. Kb1 Rfd8 16. c3 Nd5 17. Bf1 Bh4 18. Bf2 b6 19. Ne4 Nxc3+ 20. bxc3
Bxe4+ 21. fxe4 Bxf2 22. Rxd8+ Rxd8 23. Rc1 Be3 24. Re1 Bg1 25. h3 Rd2 26. Be2
Bc5 27. Bf3 Kf8 28. Re2 Rd1+ 29. Kc2 Ra1 30. Kb2 Rf1 31. Kb3 Ke7 32. Rd2 Be3
33. Rd3 Bf4 34. a4 Re1 35. a5 bxa5 36. Ka4 Ra1+ 37. Kb5 a4 38. Bd1 a3 39. Bb3
Re1 40. c4 Rxe4 41. c5 Re2 42. g3 Be5 43. c6 a2 44. Rd7+ Ke8 0-1

[Event "VI Open Internacional Memorial Pedro Lez"]
[Site "Ateneo Municipal de Vecindario"]
[Date "2013.03.26"]
[Round "2"]
[White "Gutierrez Olivares, Daniel"]
[Black "Camino Carrio, Nicanor"]
[Result "1-0"]
[WhiteElo "2367"]
[BlackElo "2014"]
[PlyCount "97"]
[EventDate "2013.03.25"]
[EventRounds "9"]
[EventCountry "ESP"]

1. e4 c5 2. Nf3 d6 3. d4 cxd4 4. Nxd4 Nf6 5. Nc3 g6 6. Be3 Bg7 7. f3 O-O 8. Qd2
Nc6 9. g4 Bxg4 10. fxg4 Nxg4 11. Bg1 Rc8 12. Be2 Nge5 13. h4 Na5 14. b3 d5 15.
exd5 a6 16. a4 Qc7 17. Rh3 Rfd8 18. h5 Qd7 19. Rg3 Qd6 20. Bf2 Nd7 21. Kf1 Qf6
22. Ne4 Qh4 23. Bf3 Ne5 24. Re1 Rxd5 25. Nf6+ Qxf6 26. Bxd5 Nac6 27. Nxc6 bxc6
28. Bg2 c5 29. hxg6 hxg6 30. Kg1 e6 31. Qg5 Qxg5 32. Rxg5 f5 33. Rg3 Kf7 34.
Rge3 Ng4 35. Rxe6 Bd4 36. Bxd4 cxd4 37. Bd5 Kg7 38. Rc6 Rd8 39. Re7+ Kh6 40.
Bf7 Kg5 41. Rxg6+ Kf4 42. Re1 Ne3 43. Re2 Ng4 44. Bc4 Rh8 45. Rxg4+ fxg4 46.
Bxa6 g3 47. Bd3 Ra8 48. Kg2 Rh8 49. Re4+ 1-0

[Event "VI Open Internacional Memorial Pedro Lez"]
[Site "Ateneo Municipal de Vecindario"]
[Date "2013.03.26"]
[Round "2"]
[White "Bismuth, Lea"]
[Black "Vega Gutierrez, Sabrina"]
[Result "0-1"]
[WhiteElo "1948"]
[BlackElo "2364"]
[PlyCount "40"]
[EventDate "2013.03.25"]
[EventRounds "9"]
[EventCountry "ESP"]

1. e4 c5 2. c4 Nc6 3. Nc3 e6 4. g3 Nge7 5. Bg2 d5 6. exd5 exd5 7. cxd5 Nb4 8.
a3 Nbxd5 9. Qa4+ Bd7 10. Qc4 Bc6 11. Qxc5 Qd7 12. Nf3 Qe6+ 13. Ne2 Nf5 14. Qc4
Be7 15. d3 O-O 16. Qe4 Nde3 17. Qxe6 Nxg2+ 18. Kf1 fxe6 19. Kxg2 Nh4+ 20. gxh4
Bxf3+ 0-1

[Event "VI Open Internacional Memorial Pedro Lez"]
[Site "Ateneo Municipal de Vecindario"]
[Date "2013.03.26"]
[Round "2"]
[White "Galvan Sarmiento, Jose Luis"]
[Black "Brito Garcia, Alfredo"]
[Result "0-1"]
[WhiteElo "1928"]
[BlackElo "2313"]
[PlyCount "170"]
[EventDate "2013.03.25"]
[EventRounds "9"]
[EventCountry "ESP"]

1. d4 Nf6 2. Nf3 g6 3. Bf4 Bg7 4. e3 O-O 5. Be2 c5 6. c3 b6 7. Nbd2 Bb7 8. h3
d6 9. O-O Nbd7 10. Re1 Re8 11. Bh2 a6 12. a4 Bc6 13. Qb3 d5 14. Ne5 Nxe5 15.
Bxe5 c4 16. Qc2 b5 17. axb5 axb5 18. b3 Nd7 19. Bg3 Nb6 20. Bf3 f5 21. Be2 Nd7
22. Nf3 Qb6 23. Reb1 Ra6 24. Ra2 Rxa2 25. Qxa2 Ra8 26. Qb2 Qa5 27. Bh4 e6 28.
Be7 h6 29. h4 Qa2 30. Bd6 Ra6 31. Nd2 Bf8 32. Bxf8 Kxf8 33. Bf3 Qxb2 34. Rxb2
Ra1+ 35. Kh2 Ra6 36. Bd1 Ke7 37. Bc2 Nb6 38. Bb1 b4 39. Rc2 cxb3 40. Nxb3 Ra3
41. cxb4 Ba4 42. Rc7+ Kd8 43. Rb7 Rxb3 44. Rxb6 Rxb1 45. Rxe6 Be8 46. Rd6+ Ke7
47. Rxd5 Bd7 48. Re5+ Kd6 49. Ra5 Rxb4 50. Ra8 Ke7 51. Rh8 h5 52. Rh7+ Ke6 53.
Rh8 Kf6 54. Kg3 Be6 55. Rf8+ Bf7 56. Ra8 Rb2 57. Ra6+ Kg7 58. Ra7 Rd2 59. Ra4
Kf6 60. Ra6+ Be6 61. Ra4 Rc2 62. Rb4 Ra2 63. Rb6 Rd2 64. Rb4 Rd1 65. Ra4 Rc1
66. Rb4 Rc6 67. Rb5 Rd6 68. Rb4 Bd5 69. Ra4 Rb6 70. Ra5 Bb7 71. Ra3 Rb2 72. Ra4
Rb3 73. Kh2 f4 74. exf4 Kf5 75. Ra5+ Kxf4 76. Rg5 Be4 77. f3 Bf5 78. Kg1 Rb1+
79. Kf2 Rb2+ 80. Kg1 Rd2 81. d5 Ke3 82. g4 hxg4 83. fxg4 Be4 84. Re5 Rd1+ 85.
Kh2 Kf4 0-1

[Event "VI Open Internacional Memorial Pedro Lez"]
[Site "Ateneo Municipal de Vecindario"]
[Date "2013.03.26"]
[Round "2"]
[White "Martinez Ramirez, Erik"]
[Black "Marrero Cardenes, Agustin"]
[Result "1-0"]
[WhiteElo "2302"]
[BlackElo "1959"]
[PlyCount "81"]
[EventDate "2013.03.25"]
[EventRounds "9"]
[EventCountry "ESP"]

1. e4 c5 2. Nf3 e6 3. d3 Nc6 4. g3 g6 5. Bg2 Bg7 6. O-O Nge7 7. c3 O-O 8. Be3
b6 9. d4 cxd4 10. Nxd4 Nxd4 11. Bxd4 e5 12. Be3 Ba6 13. Re1 Bb7 14. Qb3 Kh8 15.
Na3 f5 16. exf5 Bxg2 17. Kxg2 Nxf5 18. Qd5 Qf6 19. Rf1 Qc6 20. Rad1 Nxe3+ 21.
fxe3 Rxf1 22. Qxc6 dxc6 23. Kxf1 Kg8 24. Rd7 Rf8+ 25. Ke2 Rf7 26. Rd8+ Rf8 27.
Rd6 Rf6 28. Rd2 b5 29. Nc2 Bf8 30. Rd7 Bc5 31. b4 Rd6 32. Rc7 Bb6 33. Re7 a5
34. a3 a4 35. Rxe5 Kf7 36. Nd4 Rf6 37. Nf3 h6 38. Re4 Bc7 39. Ne5+ Bxe5 40.
Rxe5 g5 41. Rc5 1-0

[Event "VI Open Internacional Memorial Pedro Lez"]
[Site "Ateneo Municipal de Vecindario"]
[Date "2013.03.26"]
[Round "2"]
[White "Fernandez De La Hoz, A Carlos"]
[Black "Meneses Gonzalez, Kevin Moises"]
[Result "0-1"]
[WhiteElo "1871"]
[BlackElo "2302"]
[PlyCount "60"]
[EventDate "2013.03.25"]
[EventRounds "9"]
[EventCountry "ESP"]

1. e4 c5 2. Nf3 d6 3. d4 cxd4 4. Nxd4 Nf6 5. Nc3 Nc6 6. Be3 Ng4 7. Qd2 Nxe3 8.
Qxe3 g6 9. Bc4 Bg7 10. Nde2 O-O 11. O-O Bd7 12. Rad1 Ne5 13. Bb3 b5 14. Bd5 Ng4
15. Qg3 Rc8 16. a3 a5 17. Nd4 Be5 18. Qd3 Bxh2+ 19. Kh1 b4 20. Nce2 Be5 21. f4
Bxd4 22. Nxd4 e6 23. Bb3 Qh4+ 24. Qh3 Qxh3+ 25. gxh3 Ne3 26. axb4 axb4 27. Rfe1
Nxd1 28. Rxd1 e5 29. fxe5 dxe5 30. Nf3 Be6 0-1

[Event "VI Open Internacional Memorial Pedro Lez"]
[Site "Ateneo Municipal de Vecindario"]
[Date "2013.03.26"]
[Round "2"]
[White "Diaz Suarez, Cayetano"]
[Black "Espinoza Palomino, Willyam"]
[Result "0-1"]
[WhiteElo "1848"]
[BlackElo "2284"]
[PlyCount "72"]
[EventDate "2013.03.25"]
[EventRounds "9"]
[EventCountry "ESP"]

1. e4 e5 2. Nf3 Nc6 3. d3 Nge7 4. Bg5 h6 5. Bh4 g5 6. Bg3 Bg7 7. h3 d6 8. Be2
f5 9. Nbd2 f4 10. Bh2 Be6 11. c3 a5 12. Qa4 Qd7 13. d4 exd4 14. Bb5 dxc3 15.
bxc3 Bxc3 16. Rd1 O-O 17. O-O Qc8 18. Bc4 Bg7 19. h4 g4 20. Ne1 Ng6 21. Nd3 h5
22. g3 f3 23. Nf4 Nxf4 24. gxf4 Nd4 25. Rfe1 Kh8 26. f5 Bxc4 27. Qxc4 Ne2+ 28.
Kh1 Qd8 29. e5 Rxf5 30. exd6 cxd6 31. Nxf3 gxf3 32. Rxd6 Qe7 33. Red1 Re8 34.
Rd7 Qe4 35. Qc7 Qg4 36. Bg3 Qh3+ 0-1

[Event "VI Open Internacional Memorial Pedro Lez"]
[Site "Ateneo Municipal de Vecindario"]
[Date "2013.03.26"]
[Round "2"]
[White "Robin, Samy"]
[Black "Aguila Hernandez, Eduardo"]
[Result "1-0"]
[WhiteElo "2254"]
[BlackElo "1871"]
[PlyCount "51"]
[EventDate "2013.03.25"]
[EventRounds "9"]
[EventCountry "ESP"]

1. d4 Nf6 2. Nc3 d5 3. e4 dxe4 4. f3 exf3 5. Nxf3 Bg4 6. h3 Bh5 7. g4 Bg6 8.
Ne5 e6 9. Qf3 c6 10. g5 Nd5 11. Bd3 Nd7 12. Nxg6 hxg6 13. O-O Qe7 14. Nxd5 cxd5
15. Kg2 Rg8 16. Bd2 f5 17. c4 Nb6 18. c5 Nd7 19. Rfe1 Kf7 20. Re2 Re8 21. Rae1
Nxc5 22. dxc5 Qxc5 23. Bxf5 gxf5 24. Rxe6 Re7 25. Qxf5+ Ke8 26. Rc1 1-0

[Event "VI Open Internacional Memorial Pedro Lez"]
[Site "Ateneo Municipal de Vecindario"]
[Date "2013.03.26"]
[Round "2"]
[White "Aguilera Suarez, Antonio"]
[Black "Herrera Reyes, Jose Antonio"]
[Result "0-1"]
[WhiteElo "1842"]
[BlackElo "2252"]
[PlyCount "52"]
[EventDate "2013.03.25"]
[EventRounds "9"]
[EventCountry "ESP"]

1. e4 c5 2. Nf3 e6 3. d4 cxd4 4. Nxd4 Nf6 5. Bd3 Nc6 6. Nf3 Be7 7. Nc3 O-O 8.
O-O d6 9. a3 e5 10. h3 Be6 11. Re1 h6 12. Nd2 Rc8 13. Ne2 Nh5 14. Nf1 Bg5 15.
g4 Nf4 16. Nxf4 exf4 17. c3 Ne5 18. Nh2 h5 19. f3 hxg4 20. fxg4 Bh4 21. Rf1
Nxd3 22. Qxd3 Bc4 23. Qd4 Bxf1 24. Kxf1 Bg3 25. Nf3 Qa5 26. b4 Qb5+ 0-1

[Event "VI Open Internacional Memorial Pedro Lez"]
[Site "Ateneo Municipal de Vecindario"]
[Date "2013.03.26"]
[Round "2"]
[White "Alvarado Diaz, Alejandro"]
[Black "Saad Addin Quintana, Samir N"]
[Result "1-0"]
[WhiteElo "2251"]
[BlackElo "1858"]
[PlyCount "95"]
[EventDate "2013.03.25"]
[EventRounds "9"]
[EventCountry "ESP"]

1. g3 Nf6 2. Bg2 e6 3. Nf3 c5 4. O-O Nc6 5. d3 d5 6. Nbd2 Be7 7. e4 O-O 8. Re1
d4 9. a4 e5 10. Nc4 Nd7 11. h3 f6 12. Nh2 Nb6 13. Nd2 Be6 14. b3 Qd7 15. h4 Nc8
16. Ba3 a6 17. f4 b5 18. axb5 axb5 19. Qe2 Nb6 20. f5 Bf7 21. g4 Ra5 22. Bb2
Rfa8 23. Rab1 Nb4 24. Rec1 Na2 25. Rf1 Nc3 26. Bxc3 dxc3 27. Ndf3 Ra2 28. g5
Rb2 29. Rxb2 cxb2 30. c4 Ra2 31. Rb1 bxc4 32. dxc4 Bxc4 33. bxc4 Na4 34. Qc2
Ra1 35. Nf1 Qb7 36. N3d2 fxg5 37. h5 Qb4 38. Bf3 g4 39. Bxg4 Bg5 40. Kg2 Qa3
41. f6 gxf6 42. Bd7 Bxd2 43. Nxd2 Rxb1 44. Nxb1 Qe3 45. Bxa4 Qg5+ 46. Kh1 Qh4+
47. Qh2 Qe1+ 48. Qg1+ 1-0

[Event "VI Open Internacional Memorial Pedro Lez"]
[Site "Ateneo Municipal de Vecindario"]
[Date "2013.03.26"]
[Round "2"]
[White "Rodriguez Mellado, Antonio"]
[Black "De La Cruz Sanchez, Carlos G"]
[Result "0-1"]
[WhiteElo "1797"]
[BlackElo "2242"]
[PlyCount "138"]
[EventDate "2013.03.25"]
[EventRounds "9"]
[EventCountry "ESP"]

1. Nf3 Nf6 2. g3 g6 3. Bg2 Bg7 4. c4 O-O 5. O-O d6 6. Nc3 c6 7. e4 e5 8. Re1
Nbd7 9. b3 Nc5 10. d3 a5 11. Ba3 Bg4 12. h3 Bxf3 13. Qxf3 Bh6 14. Rad1 Ne6 15.
d4 Nxd4 16. Qd3 Qc7 17. Ne2 c5 18. Nxd4 cxd4 19. f4 Rfd8 20. Qf3 Nd7 21. Rf1 f6
22. Qg4 Re8 23. Kh2 Bg7 24. Rf2 Nc5 25. h4 Kh8 26. h5 Nxe4 27. Bxe4 f5 28. Bxf5
gxf5 29. Qxf5 Rf8 30. Qe6 Rf6 31. Qd5 Qc6 32. Qxc6 bxc6 33. f5 c5 34. Bc1 e4
35. Bg5 e3 36. Rf3 h6 37. Bh4 Raf8 38. g4 R6f7 39. Kg2 Be5 40. Rg1 a4 41. Rb1
Ra8 42. a3 Rb8 43. b4 cxb4 44. axb4 a3 45. Ra1 Rxb4 46. Rxa3 Rb2+ 47. Kf1 Rh2
48. Bg3 Bxg3 49. Rxg3 Rb7 50. Ra1 d3 51. Kg1 Re2 52. Kf1 Rf2+ 53. Kg1 Rc2 54.
Rxe3 d2 55. Rf1 Rc1 56. Rd3 Rbb1 57. Rxd2 Rxf1+ 58. Kh2 Rbd1 59. Re2 Rfe1 60.
Rb2 Kg7 61. Rb7+ Kf6 62. Rh7 Kg5 63. Kg3 Rg1+ 64. Kf2 Rdf1+ 65. Ke2 Ra1 66. Kd3
Kf4 67. Rg7 Ra2 68. Rg6 Rg3+ 69. Kd4 Rd2# 0-1

[Event "VI Open Internacional Memorial Pedro Lez"]
[Site "Ateneo Municipal de Vecindario"]
[Date "2013.03.26"]
[Round "2"]
[White "Rodriguez Ferraz, Borja"]
[Black "Guerra Arrocha, Daniel"]
[Result "1-0"]
[WhiteElo "2196"]
[BlackElo "1848"]
[PlyCount "53"]
[EventDate "2013.03.25"]
[EventRounds "9"]
[EventCountry "ESP"]

1. b3 c5 2. Bb2 Nc6 3. e3 Nf6 4. Nf3 d5 5. d4 e6 6. Bd3 Bd6 7. O-O O-O 8. Nbd2
Nb4 9. Be2 Bd7 10. a3 Nc6 11. Ne5 cxd4 12. exd4 Qc7 13. Ndf3 Rac8 14. Bd3 Rfd8
15. Re1 h6 16. g4 Be8 17. g5 hxg5 18. Nxg5 Kf8 19. Qf3 Be7 20. Qh3 Kg8 21. Bh7+
Kf8 22. Bg6 Bd6 23. Bxf7 Bxe5 24. dxe5 Bxf7 25. exf6 Qf4 26. Qh8+ Bg8 27. Nxe6+
1-0

[Event "VI Open Internacional Memorial Pedro Lez"]
[Site "Ateneo Municipal de Vecindario"]
[Date "2013.03.26"]
[Round "2"]
[White "Padilla Socorro, Jesus"]
[Black "Vega Gutierrez, Belinda"]
[Result "0-1"]
[WhiteElo "1753"]
[BlackElo "2190"]
[PlyCount "80"]
[EventDate "2013.03.25"]
[EventRounds "9"]
[EventCountry "ESP"]

1. e4 e5 2. Nf3 Nc6 3. Bc4 Nf6 4. d3 Be7 5. O-O O-O 6. a3 d6 7. Nc3 Bg4 8. Ne2
d5 9. exd5 Nxd5 10. Nc3 Nb6 11. Ba2 Nd4 12. Re1 Kh8 13. Rxe5 Bd6 14. Re3 Bxf3
15. Rxf3 Nxf3+ 16. Qxf3 c6 17. Bd2 Qc7 18. h3 Be5 19. Re1 Rae8 20. Qg4 Nd7 21.
d4 Nf6 22. Qh4 Bh2+ 23. Kh1 Rxe1+ 24. Bxe1 Bf4 25. f3 Re8 26. Qf2 Be3 27. Qg3
Bf4 28. Qf2 Kg8 29. Bd2 Bxd2 30. Qxd2 Qg3 31. Ne2 Qf2 32. Bc4 h6 33. Kh2 Nd5
34. Qd3 Ne3 35. Nf4 Nxc4 36. Qxc4 Qd2 37. Kg3 h5 38. d5 cxd5 39. Nxd5 Qe1+ 40.
Kh2 h4 0-1

[Event "VI Open Internacional Memorial Pedro Lez"]
[Site "Ateneo Municipal de Vecindario"]
[Date "2013.03.26"]
[Round "2"]
[White "Illijin, Neboisa"]
[Black "Capote Robayna, Johanna"]
[Result "1-0"]
[WhiteElo "2167"]
[BlackElo "1813"]
[PlyCount "61"]
[EventDate "2013.03.25"]
[EventRounds "9"]
[EventCountry "ESP"]

1. e4 c5 2. Nf3 Nc6 3. d4 cxd4 4. Nxd4 g6 5. Nc3 Bg7 6. Be3 Nf6 7. Bc4 O-O 8.
Bb3 d6 9. h3 Bd7 10. O-O Rc8 11. Re1 Na5 12. Qd3 a6 13. f4 Qc7 14. Nf3 Rfd8 15.
Bd4 Nc6 16. Bf2 Nb4 17. Qd2 e6 18. a3 Nc6 19. Na4 Qa5 20. Qd1 Qh5 21. Nb6 Rb8
22. Qxd6 Be8 23. Qc5 Qxc5 24. Bxc5 Nh5 25. e5 Nxf4 26. Bd6 Rxd6 27. exd6 Nd4
28. Rad1 e5 29. d7 Nfe2+ 30. Rxe2 Nxe2+ 31. Kf2 1-0

[Event "VI Open Internacional Memorial Pedro Lez"]
[Site "Ateneo Municipal de Vecindario"]
[Date "2013.03.26"]
[Round "2"]
[White "Hernandez Diaz, Heriberto"]
[Black "Menvielle Laccourreye, Augusto"]
[Result "0-1"]
[WhiteElo "1740"]
[BlackElo "2150"]
[PlyCount "62"]
[EventDate "2013.03.25"]
[EventRounds "9"]
[EventCountry "ESP"]

1. d4 f5 2. c4 Nf6 3. Nc3 g6 4. Bg5 Bg7 5. Qd2 Nc6 6. f3 d6 7. Nh3 O-O 8. Nd5
e6 9. Nxf6+ Bxf6 10. Bxf6 Qxf6 11. O-O-O e5 12. e3 f4 13. d5 fxe3 14. Qxe3 Nb4
15. Qd2 a5 16. a3 Na6 17. Bd3 Nc5 18. Bc2 Bxh3 19. gxh3 Qxf3 20. h4 Rf4 21. Kb1
Nb3 22. Qd3 Qxd3 23. Rxd3 Nc5 24. Rg3 Rxh4 25. Rhg1 Ne4 26. Re3 Nd2+ 27. Kc1
Nxc4 28. Reg3 e4 29. Rc3 e3 30. b3 Ne5 31. Rxc7 Nf3 0-1

[Event "VI Open Internacional Memorial Pedro Lez"]
[Site "Ateneo Municipal de Vecindario"]
[Date "2013.03.26"]
[Round "2"]
[White "Acosta Sosa, Juan Manuel"]
[Black "Cruz Ramirez, Nauzet"]
[Result "1-0"]
[WhiteElo "2150"]
[BlackElo "1778"]
[PlyCount "77"]
[EventDate "2013.03.25"]
[EventRounds "9"]
[EventCountry "ESP"]

1. Nf3 Nf6 2. g3 b6 3. Bg2 Bb7 4. O-O e6 5. c4 c5 6. d3 Be7 7. Nc3 O-O 8. e4 d6
9. Re1 Nc6 10. d4 cxd4 11. Nxd4 Nxd4 12. Qxd4 Rc8 13. b3 a6 14. Ba3 Qc7 15.
Rac1 Nd7 16. Red1 Nc5 17. Bb2 e5 18. Qe3 Rcd8 19. Bh3 Bc8 20. Nd5 Qb7 21. Bxc8
Rxc8 22. b4 Na4 23. Qb3 Nxb2 24. Qxb2 Rfd8 25. a4 Bf8 26. Qe2 Kh8 27. Qe3 Rc6
28. b5 Rc5 29. Nb4 a5 30. Nc6 Rxc6 31. bxc6 Qxc6 32. Qb3 Rb8 33. Rd5 Be7 34.
Rxa5 Bd8 35. Ra7 Qxe4 36. c5 dxc5 37. Rxf7 Bf6 38. Qxb6 Re8 39. Qxc5 1-0

[Event "VI Open Internacional Memorial Pedro Lez"]
[Site "Ateneo Municipal de Vecindario"]
[Date "2013.03.26"]
[Round "2"]
[White "Capote Robayna, Nathaniel"]
[Black "Lorenzo Perez, Raul"]
[Result "1-0"]
[WhiteElo "2073"]
[BlackElo "1745"]
[PlyCount "65"]
[EventDate "2013.03.25"]
[EventRounds "9"]
[EventCountry "ESP"]

1. e4 e5 2. Nf3 Nc6 3. Bb5 a6 4. Ba4 Nf6 5. O-O Be7 6. Re1 b5 7. Bb3 d6 8. c3
O-O 9. h3 Na5 10. Bc2 c5 11. d4 cxd4 12. cxd4 Qc7 13. Nbd2 Bb7 14. Nf1 Rac8 15.
Re2 Nc4 16. b3 Nb6 17. Bb2 Rfd8 18. Qc1 Nbd7 19. Ng3 g6 20. Qg5 Nd5 21. Qh6 Nc3
22. Rd2 b4 23. d5 a5 24. Bd3 Qb6 25. Bc4 Ba6 26. Bxc3 bxc3 27. Bxa6 Qxa6 28.
Rc2 a4 29. Rac1 axb3 30. axb3 Qa3 31. Rxc3 Rb8 32. Nd2 Nc5 33. Nh5 1-0

[Event "VI Open Internacional Memorial Pedro Lez"]
[Site "Ateneo Municipal de Vecindario"]
[Date "2013.03.26"]
[Round "2"]
[White "De La Hoz Sanchez, Ruben"]
[Black "Julien Casteleiro, Ariel"]
[Result "1-0"]
[WhiteElo "1969"]
[BlackElo "1586"]
[PlyCount "75"]
[EventDate "2013.03.25"]
[EventRounds "9"]
[EventCountry "ESP"]

1. Nf3 Nf6 2. c4 c5 3. g3 e6 4. Bg2 d5 5. cxd5 exd5 6. d4 Be7 7. Nc3 Bg4 8. Qb3
Qb6 9. Qxb6 axb6 10. Bg5 Nbd7 11. O-O O-O 12. Rfd1 h6 13. Bxf6 Nxf6 14. dxc5
Bxc5 15. Nxd5 Nxd5 16. Rxd5 Be6 17. Rd2 Rxa2 18. Rxa2 Bxa2 19. b4 Ra8 20. bxc5
bxc5 21. Ne5 Ra7 22. Bxb7 Be6 23. Bd5 Ra1+ 24. Kg2 Rc1 25. Bxe6 fxe6 26. Rd6 c4
27. Rxe6 c3 28. Rc6 Kf8 29. Kf3 Ke7 30. h4 Rc2 31. Ke3 Kf8 32. Rc7 h5 33. Nf3
Rc1 34. Nd4 g6 35. Ke4 Ke8 36. Ke5 Kd8 37. Ne6+ Ke8 38. Kf6 1-0

[Event "VI Open Internacional Memorial Pedro Lez"]
[Site "Ateneo Municipal de Vecindario"]
[Date "2013.03.26"]
[Round "2"]
[White "Strebkovs, Andrejs"]
[Black "Haarkotter Martin, Michael"]
[Result "1-0"]
[WhiteElo "2331"]
[BlackElo "1396"]
[PlyCount "29"]
[EventDate "2013.03.25"]
[EventRounds "9"]
[EventCountry "ESP"]

1. Nf3 d6 2. d4 Nf6 3. g3 Bd7 4. Bg2 c6 5. c4 e6 6. Nc3 Be7 7. e4 O-O 8. O-O c5
9. dxc5 dxc5 10. e5 Ne8 11. Qe2 Bc6 12. Be3 Nd7 13. Rad1 Qc7 14. Bf4 Rd8 15.
Nd5 1-0

[Event "VI Open Internacional Memorial Pedro Lez"]
[Site "Ateneo Municipal de Vecindario"]
[Date "2013.03.26"]
[Round "2"]
[White "Rodriguez Manzaneda, Irene"]
[Black "Agejas Garcia, Diego"]
[Result "1-0"]
[WhiteElo "1720"]
[BlackElo "1378"]
[PlyCount "39"]
[EventDate "2013.03.25"]
[EventRounds "9"]
[EventCountry "ESP"]

1. d4 d5 2. c4 e6 3. Nc3 Nf6 4. cxd5 exd5 5. Bg5 Nbd7 6. e3 c6 7. Bd3 Qa5 8.
Nge2 Bb4 9. Qc2 O-O 10. O-O Re8 11. a3 Bd6 12. Rfe1 Nf8 13. Bxf6 gxf6 14. Ng3
Ng6 15. Nh5 Be7 16. f4 Qd8 17. f5 Nf8 18. Qf2 Bxf5 19. Qxf5 Ng6 20. Rf1 1-0

[Event "VI Open Internacional Memorial Pedro Lez"]
[Site "Ateneo Municipal de Vecindario"]
[Date "2013.03.26"]
[Round "2"]
[White "Ramirez Hernandez, Jose Isidro"]
[Black "Ruiz Delgado, Basilio"]
[Result "1/2-1/2"]
[WhiteElo "1404"]
[BlackElo "1715"]
[PlyCount "42"]
[EventDate "2013.03.25"]
[EventRounds "9"]
[EventCountry "ESP"]

1. g3 d5 2. Bg2 Nf6 3. Nf3 e6 4. O-O c5 5. d4 Nc6 6. Bg5 cxd4 7. Nxd4 Be7 8.
Nc3 h6 9. Be3 e5 10. Nxc6 bxc6 11. Bd2 O-O 12. e4 Bg4 13. Qc1 d4 14. Na4 Qd7
15. b3 c5 16. h3 Bxh3 17. Bxh6 gxh6 18. Qxh6 Bxg2 19. Qg5+ Kh8 20. Kxg2 Nh7 21.
Qxe5+ f6 1/2-1/2

[Event "VI Open Internacional Memorial Pedro Lez"]
[Site "Ateneo Municipal de Vecindario"]
[Date "2013.03.26"]
[Round "2"]
[White "Santana Rodriguez, Jose Raul"]
[Black "Gutierrez Garcia, Inmaculada"]
[Result "1-0"]
[WhiteElo "1693"]
[BlackElo "1352"]
[PlyCount "53"]
[EventDate "2013.03.25"]
[EventRounds "9"]
[EventCountry "ESP"]

1. d4 d5 2. c4 Nf6 3. cxd5 Nxd5 4. e4 Nb6 5. Bf4 e6 6. Nf3 Nc6 7. Nc3 Bb4 8.
Rc1 Qf6 9. Bxc7 Na4 10. Qxa4 O-O 11. a3 Bxc3+ 12. Rxc3 Qg6 13. Nd2 Bd7 14. Rg3
Qf6 15. e5 Qf4 16. Bb5 a6 17. Bxc6 Bxc6 18. Qb4 Rac8 19. Bd6 Bb5 20. Rc3 Rxc3
21. Qxc3 Rd8 22. Qe3 Qf5 23. Qe4 Rc8 24. Bc5 Qg5 25. f4 Qh4+ 26. g3 Qh3 27.
Qxb7 1-0

[Event "VI Open Internacional Memorial Pedro Lez"]
[Site "Ateneo Municipal de Vecindario"]
[Date "2013.03.26"]
[Round "2"]
[White "Diaz Martin, Carolina"]
[Black "Cobo Mazorra, Alejandro"]
[Result "0-1"]
[WhiteElo "1393"]
[BlackElo "1685"]
[PlyCount "74"]
[EventDate "2013.03.25"]
[EventRounds "9"]
[EventCountry "ESP"]

1. e4 g6 2. Nf3 Bg7 3. Nc3 c5 4. d4 cxd4 5. Nxd4 Nc6 6. Be3 Nf6 7. f3 Qb6 8.
Rb1 Nxe4 9. Nxe4 Nxd4 10. c3 Nc2+ 11. Qxc2 Qxe3+ 12. Qe2 Qxe2+ 13. Bxe2 O-O 14.
Kf2 d5 15. Ng3 b6 16. Rbd1 e6 17. Rhe1 a5 18. a3 Ba6 19. Bxa6 Rxa6 20. Ne2 b5
21. Rc1 b4 22. Nd4 bxa3 23. bxa3 Rb8 24. Rc2 Bxd4+ 25. cxd4 Rb3 26. Re3 Rab6
27. Rc5 Rxe3 28. Kxe3 Rb3+ 29. Kd2 Rxa3 30. Rc2 Kg7 31. f4 Rb3 32. Rc3 Rb4 33.
Kd3 Rb1 34. Rc2 a4 35. Ra2 Rb3+ 36. Kd2 h5 37. Ke2 a3 0-1

[Event "VI Open Internacional Memorial Pedro Lez"]
[Site "Ateneo Municipal de Vecindario"]
[Date "2013.03.26"]
[Round "2"]
[White "Garcia Cruz, Jose Manuel"]
[Black "Ramirez Maillo, Juan Adonay"]
[Result "0-1"]
[WhiteElo "1368"]
[BlackElo "1654"]
[PlyCount "96"]
[EventDate "2013.03.25"]
[EventRounds "9"]
[EventCountry "ESP"]

1. d4 Nf6 2. c4 c5 3. e3 cxd4 4. exd4 d5 5. Nf3 e6 6. Be2 dxc4 7. Bxc4 Be7 8.
O-O b6 9. Qa4+ Bd7 10. Bb5 O-O 11. Nc3 Bxb5 12. Qxb5 Qd6 13. g3 Rd8 14. Bf4 Qc6
15. Qxc6 Nxc6 16. Rfd1 Nb4 17. Nb5 Nbd5 18. Nc7 Nxc7 19. Bxc7 Rd7 20. Rac1 Nd5
21. Bf4 Nxf4 22. gxf4 Rad8 23. a4 g6 24. Rc4 a5 25. Ne5 Rd6 26. Nc6 R8d7 27.
Nxe7+ Rxe7 28. Kg2 Kg7 29. b4 axb4 30. Rxb4 Rc7 31. Rdb1 Rcd7 32. Rd1 Kf6 33.
Kf3 Rc7 34. Rd3 Rc2 35. Ke3 Rc1 36. h3 Rh1 37. Ke2 Rc6 38. Rb2 Rc4 39. Rxb6
Rxa4 40. d5 Ra2+ 41. Rd2 Rxd2+ 42. Kxd2 Rxh3 43. d6 Rh5 44. Rb3 Rd5+ 45. Rd3 h5
46. Kc3 h4 47. Kc4 Rxd3 48. Kxd3 h3 0-1